Tính toán thủy lực các công trình tháo nước

Gorde:
Xehetasun bibliografikoak
Egile nagusia:  Nguyễn, Chiến
Formatua: Sách
Hizkuntza:Undetermined
Argitaratua:  Xây dựng  2012
Gaiak:
Etiketak: Etiketa erantsi
Etiketarik gabe, Izan zaitez lehena erregistro honi etiketa jartzen!
Thư viện lưu trữ: Trung tâm Thư viện - Trường Đại học Công nghiệp TP. Hồ Chí Minh
LEADER 00569nam a2200157Ia 4500
001 UIH_07814
008 231011s9999 xx 000 0 und d
082 |a  627.883 
100 |a  Nguyễn, Chiến 
245 0 |a  Tính toán thủy lực các công trình tháo nước 
245 0 |c  Nguyễn, Chiến 
260 |b  Xây dựng 
260 |c  2012 
650 |a  Kỹ thuật thủy lực; Công trình tháo nước;  
927 |a Sách 
980 |a Trung tâm Thư viện - Trường Đại học Công nghiệp TP. Hồ Chí Minh